000 01056nam a2200289 4500
001 0000012685
003 CO-CtgCURN
005 20250331185157.0
007 ta
008 160627s1996 000 0 eng d
020 _a9507423370
040 _aCO-CtgCURN
_bspa
_ccoctgcurn
082 0 _a615.53
_bL39c
100 1 _aLever, Ruth.
245 1 0 _aComo curar las enfermedades comunes /
_cRuth Lever.
260 _aBogotá :
_bPlaneta,
_c1996.
300 _a415 p.
336 _2rdacontent
337 _2rdamedia
_asin mediacion
_bn
338 _2rdacarrier
_avolumen
_bnc
500 _aA guide to common illnesses.
505 8 _aEnfermedades comunes.--Ansiedad.--Fobias.--Anorexia.--Bulimiaenuresis nocturna.--Epilepsia.--Epistaxis.--Esquizofrenia.--Herpes.--Menopausia.--Insomnio.--Migraña.--Ulcera peptica.--Vertigo.--Zumbidos.--Sinusitis.--Osteoporosis
650 1 4 _aEnfermedades
_vTratamiento homeopatico.
908 _a160627
942 _cBK
_h615.53
_iL39c
_2ddc
999 _c22096
_d22096